000 00269nam a2200097Ia 4500
001 689287
005 20250826161631.0
008 250824s9999 xx 000 0 und d
245 0 _aBEYAZ ZAMBAKLAR ÜLKESİNDE
_cGRİGORİ PETROV
260 _bTÜRKİYE İŞ BANKASI YAYINLARI
999 _c689287
_d689287